000 00470nam a2200157Ia 4500
008 240729s9999 xx 000 0 und d
022 _a2476-664X
245 0 _aInternational Journal of Basic Science in Medicine
260 _aIran, Islamic Republic of
260 _bZabol University of Medical sciences
650 _a Medicine (General)
650 _aMedicine
856 _uhttps://doaj.org/toc/9b7c72da10c2496b89eb5fd20b6652c0
942 _2ddc
942 _cDOAJEJ
999 _c65634
_d65634
945 _a1
_bMadushi Gamage
_c1
_dMadushi Gamage